000 00360nam a2200145Ia 4500
005 20251222153548.0
008 251222s9999||||xx |||||||||||||| ||spa||
020 _a8434414007
082 _a338.943.9/K76
100 _aKornai, János
245 0 _aEl Camino Hacia una Economía Libre:
250 _a1ra.ed.
264 _bEditorial Ariel, S.A.
942 _cLIB
999 _c30746
_d30746